Wohnen in neuen Siedlungen.
Uloženo v:
| Médium: | Kniha |
|---|---|
| Jazyk: | němčina |
| Vydáno: |
Stuttgart :
Karl Krämer,
1965
|
| Vydání: | [1. Aufl.] |
| Edice: | Neues Bauen - neues Wohnen. Band 4
|
| Témata: | |
| On-line přístup: |
|
| Tagy: |
Přidat tag
Žádné tagy, Buďte první, kdo vytvoří štítek k tomuto záznamu!
|
MARC
| LEADER | 00000cam a2200000 4500 | ||
|---|---|---|---|
| 003 | SK-BrCVT | ||
| 005 | 20220617224535.0 | ||
| 008 | 071012s1965 gw e ||||||ger d | ||
| 035 | |a CVTIDW1426906 | ||
| 040 | |b slo |a CVTI SR |e AACR2 | ||
| 041 | 0 | |a ger | |
| 044 | |a gw | ||
| 080 | |a 711.6 |2 UDC-MRF | ||
| 080 | |a 728 |2 UDC-MRF | ||
| 245 | 1 | 0 | |a Wohnen in neuen Siedlungen. |
| 250 | |a [1. Aufl.] | ||
| 260 | |a Stuttgart : |b Karl Krämer, |c 1965 | ||
| 300 | |a 166 s., príl. : |b fotogr., lit., obr. ; | ||
| 490 | 1 | |a Neues Bauen - neues Wohnen. Band 4 |3 1426905 | |
| 653 | 1 | |a bývanie |a sídlisko | |
| 760 | 1 | |t Neues Bauen - neues Wohnen | |
| 910 | |b A199024 | ||
| 974 | |f Knihy | ||
| 992 | |a APH | ||
| 999 | |c 157512 |d 157512 | ||